О достоинствах и недостатках гидроэлектростанций; Молодой ученый; № 9 (89)

Dades bibliogràfiques
Parent link:Молодой ученый: ежемесячный научный журнал.— , 2008-
№ 9 (89).— 2015.— [С. 465-467]
Autor principal: Кондранова А. М. Анастасия Михайловна
Autor corporatiu: Национальный исследовательский Томский политехнический университет (ТПУ) Институт неразрушающего контроля (ИНК) Кафедра иностранных языков Института неразрушающего контроля (ИЯНК)
Altres autors: Куимова М. В. Марина Валерьевна
Sumari:Заглавие с экрана
Idioma:rus
Publicat: 2015
Matèries:
Accés en línia:http://www.moluch.ru/archive/89/18498/
Format: MixedMaterials Electrònic Capítol de llibre
KOHA link:https://koha.lib.tpu.ru/cgi-bin/koha/opac-detail.pl?biblionumber=642068

MARC

LEADER 00000nla0a2200000 4500
001 642068
005 20250122163014.0
035 |a (RuTPU)RU\TPU\network\7007 
090 |a 642068 
100 |a 20150615d2015 k||y0rusy50 ca 
101 0 |a rus 
102 |a RU 
135 |a drcn ---uucaa 
181 0 |a i  
182 0 |a b 
200 1 |a О достоинствах и недостатках гидроэлектростанций  |f А. М. Кондранова, М. В. Куимова 
203 |a Текст  |c электронный 
300 |a Заглавие с экрана 
320 |a [Библиогр.: с. 467 (6 назв.)] 
461 |t Молодой ученый  |o ежемесячный научный журнал  |d 2008- 
463 |t № 9 (89)  |v [С. 465-467]  |d 2015 
610 1 |a электронный ресурс 
610 1 |a труды учёных ТПУ 
700 1 |a Кондранова  |b А. М.  |g Анастасия Михайловна 
701 1 |a Куимова  |b М. В.  |c лингвист  |c заведующий кафедрой Томского политехнического университета, кандидат педагогических наук  |f 1976-  |g Марина Валерьевна  |3 (RuTPU)RU\TPU\pers\27886  |9 12902 
712 0 2 |a Национальный исследовательский Томский политехнический университет (ТПУ)  |b Институт неразрушающего контроля (ИНК)  |b Кафедра иностранных языков Института неразрушающего контроля (ИЯНК)  |3 (RuTPU)RU\TPU\col\18721 
801 2 |a RU  |b 63413507  |c 20150615  |g RCR 
856 4 0 |u http://www.moluch.ru/archive/89/18498/ 
942 |c CF